| 000 | 00376pab a2200157 454500 | ||
|---|---|---|---|
| 008 | 180718b2014 xxu||||| |||| 00| 0 eng d | ||
| 100 | _aVidyasagar, Pandit | ||
| 245 | _aRole of a teacher in an autonomous organization | ||
| 260 | _c2014 | ||
| 300 | _ap.3-5. | ||
| 362 | _a6 Jan | ||
| 650 | _aTeacher role | ||
| 773 | _aUniversity News | ||
| 908 | _aN | ||
| 909 | _a103084 | ||
| 999 |
_c103081 _d103081 |
||